[Event "Budapest FS04 IM"]
[Site "Budapest"]
[Date "2005.04.02"]
[Round "1"]
[White "Brustkern, Juergen"]
[Black "Caruana, Fabiano"]
[Result "1/2-1/2"]
[WhiteElo "2258"]
[BlackElo "2255"]
[PlyCount "91"]
[EventDate "2005.04.02"]
[EventType "tourn"]
[EventRounds "13"]
[EventCountry "HUN"]
[EventCategory "1"]
[SourceTitle "CBM 105 Extra"]
[Source "ChessBase"]
[SourceDate "2005.05.01"]
[SourceVersion "1"]
[SourceVersionDate "2005.05.01"]
[SourceQuality "1"]

1. d4 Nf6 2. c4 g6 3. Nc3 d5 4. Bg5 Ne4 5. Bh4 Nxc3 6. bxc3 Bg7 7. e3 c5 8.
cxd5 Qxd5 9. Nf3 Nc6 10. Be2 O-O 11. O-O Bf5 12. Qb3 Qd7 13. Rfd1 Rac8 14. Qa3
a6 15. dxc5 Qc7 16. Nd4 Bd7 17. Bf3 Rfe8 18. Rab1 Na5 19. Nb3 Nc6 20. Nd4 e5
21. Nxc6 Bxc6 22. Bxc6 Qxc6 23. Rb6 Qxc5 24. Qxc5 Rxc5 25. Rxb7 Rxc3 26. h3 e4
27. Rdd7 Be5 28. g4 Rf8 29. Kg2 h6 30. Rb4 Rd3 31. Ra7 g5 32. Bg3 Bxg3 33. Kxg3
Ra3 34. Rxe4 Rxa2 35. Rd4 Kg7 36. Rd6 a5 37. Rda6 a4 38. Rxa4 Rxa4 39. Rxa4 Kg6
40. h4 Re8 41. Ra3 Re6 42. hxg5 hxg5 43. f4 gxf4+ 44. exf4 Rc6 45. g5 f6 46.
gxf6 1/2-1/2

[Event "Budapest FS04 IM"]
[Site "Budapest"]
[Date "2005.04.03"]
[Round "2"]
[White "Farago, Sandor"]
[Black "Caruana, Fabiano"]
[Result "1-0"]
[WhiteElo "2262"]
[BlackElo "2255"]
[PlyCount "57"]
[EventDate "2005.04.02"]
[EventType "tourn"]
[EventRounds "13"]
[EventCountry "HUN"]
[EventCategory "1"]
[SourceTitle "CBM 105 Extra"]
[Source "ChessBase"]
[SourceDate "2005.05.01"]
[SourceVersion "1"]
[SourceVersionDate "2005.05.01"]
[SourceQuality "1"]

1. d4 Nf6 2. c4 g6 3. Nf3 Bg7 4. Nc3 d5 5. c5 O-O 6. h3 b6 7. cxb6 axb6 8. Bf4
c6 9. e3 Ba6 10. Bxa6 Rxa6 11. O-O Nbd7 12. Rc1 Qa8 13. a3 b5 14. Na2 Rc8 15.
Nb4 Rb6 16. Ne5 e6 17. Ned3 Bf8 18. Rc2 Ne4 19. f3 Nd6 20. Qc1 Nc4 21. b3 Qxa3
22. Rxc4 bxc4 23. Qxa3 cxd3 24. Qa7 Bxb4 25. Qxd7 Ra8 26. Rd1 d2 27. e4 Rba6
28. Rxd2 Bxd2 29. Bxd2 1-0

[Event "Budapest FS04 IM"]
[Site "Budapest"]
[Date "2005.04.04"]
[Round "3"]
[White "Caruana, Fabiano"]
[Black "Katsuhara, Osamu"]
[Result "1-0"]
[WhiteElo "2255"]
[BlackElo "2106"]
[PlyCount "57"]
[EventDate "2005.04.02"]
[EventType "tourn"]
[EventRounds "13"]
[EventCountry "HUN"]
[EventCategory "1"]
[SourceTitle "CBM 105 Extra"]
[Source "ChessBase"]
[SourceDate "2005.05.01"]
[SourceVersion "1"]
[SourceVersionDate "2005.05.01"]
[SourceQuality "1"]

1. e4 c5 2. Nf3 d6 3. d4 cxd4 4. Qxd4 a6 5. Be3 Nf6 6. Nc3 Nbd7 7. O-O-O e5 8.
Qa4 Rb8 9. Qb3 Be7 10. Bc4 O-O 11. Ng5 Qe8 12. Nd5 Nxd5 13. exd5 b5 14. Be2 Qd8
15. h4 Qc7 16. Qd3 Nf6 17. f4 exf4 18. Bd4 g6 19. Qd2 Bf5 20. Kb1 h6 21. Rc1
Nxd5 22. g4 fxg3 23. Bf3 Nf6 24. h5 g2 25. Bxg2 Ng4 26. hxg6 f6 27. Bd5+ Kg7
28. Ne6+ Bxe6 29. Bxe6 1-0

[Event "Budapest FS04 IM"]
[Site "Budapest"]
[Date "2005.04.06"]
[Round "5"]
[White "Caruana, Fabiano"]
[Black "Stupavski, Zdenko"]
[Result "0-1"]
[WhiteElo "2255"]
[BlackElo "2333"]
[PlyCount "48"]
[EventDate "2005.04.02"]
[EventType "tourn"]
[EventRounds "13"]
[EventCountry "HUN"]
[EventCategory "1"]
[SourceTitle "CBM 105 Extra"]
[Source "ChessBase"]
[SourceDate "2005.05.01"]
[SourceVersion "1"]
[SourceVersionDate "2005.05.01"]
[SourceQuality "1"]

1. e4 c5 2. Nf3 d6 3. c3 Nf6 4. h3 Nc6 5. Bd3 d5 6. e5 Nd7 7. Bb5 Qb6 8. Qe2 e6
9. O-O Be7 10. c4 dxc4 11. Bxc4 Qc7 12. Re1 a6 13. a4 b6 14. d3 Bb7 15. Bf4 g5
16. Nxg5 Bxg5 17. Bxg5 Qxe5 18. Qd2 Qf5 19. Nc3 Nd4 20. Bf4 Rg8 21. Bg3 Ne5 22.
Qd1 Nef3+ 23. gxf3 Bxf3 24. Ne4 Qxh3 0-1

[Event "Budapest FS04 IM"]
[Site "Budapest"]
[Date "2005.04.07"]
[Round "6"]
[White "Jakab, Attila"]
[Black "Caruana, Fabiano"]
[Result "1-0"]
[WhiteElo "2448"]
[BlackElo "2255"]
[PlyCount "83"]
[EventDate "2005.04.02"]
[EventType "tourn"]
[EventRounds "13"]
[EventCountry "HUN"]
[EventCategory "1"]
[SourceTitle "CBM 105 Extra"]
[Source "ChessBase"]
[SourceDate "2005.05.01"]
[SourceVersion "1"]
[SourceVersionDate "2005.05.01"]
[SourceQuality "1"]

1. c4 Nf6 2. Nc3 d5 3. d4 g6 4. Nf3 Bg7 5. Bg5 Ne4 6. cxd5 Nxg5 7. Nxg5 e6 8.
Qd2 exd5 9. Qe3+ Kf8 10. Qf4 Bf6 11. h4 Kg7 12. e4 dxe4 13. Bc4 Rf8 14. Ncxe4
Bf5 15. h5 Bxg5 16. Nxg5 h6 17. Nf3 Re8+ 18. Ne5 Qg5 19. Qxg5 hxg5 20. h6+ Kh7
21. Bxf7 Re7 22. O-O-O Nc6 23. Nf3 Nb4 24. Nxg5+ Kh8 25. Bc4 b5 26. Bxb5 Nxa2+
27. Kd2 Rd8 28. Rh4 Rb8 29. Re1 Rxe1 30. Kxe1 Rxb5 31. Nf7+ Kh7 32. Ng5+ Kh8
33. h7 Rb8 34. Nf7+ Kg7 35. h8=Q+ Rxh8 36. Nxh8 Nb4 37. Kd2 Nd5 38. f3 Nf6 39.
Rh1 g5 40. Re1 g4 41. Re7+ Kxh8 42. Rf7 1-0

[Event "Budapest FS04 IM"]
[Site "Budapest"]
[Date "2005.04.08"]
[Round "7"]
[White "Caruana, Fabiano"]
[Black "Khadempour, Farhad"]
[Result "1-0"]
[WhiteElo "2255"]
[BlackElo "2225"]
[PlyCount "91"]
[EventDate "2005.04.02"]
[EventType "tourn"]
[EventRounds "13"]
[EventCountry "HUN"]
[EventCategory "1"]
[SourceTitle "CBM 105 Extra"]
[Source "ChessBase"]
[SourceDate "2005.05.01"]
[SourceVersion "1"]
[SourceVersionDate "2005.05.01"]
[SourceQuality "1"]

1. e4 e6 2. d4 d5 3. Nc3 Bb4 4. e5 c5 5. a3 Bxc3+ 6. bxc3 Ne7 7. h4 Bd7 8. a4
Qa5 9. Bd2 Nbc6 10. Nf3 f6 11. Rb1 Qc7 12. Bf4 O-O-O 13. Qd2 Qa5 14. Bb5 c4 15.
O-O Rhf8 16. Rfe1 f5 17. Rb2 h6 18. Reb1 Ng6 19. Bh2 Be8 20. Kh1 Rf7 21. h5 Nf8
22. Bxc6 Bxc6 23. Ng1 Nd7 24. Ne2 Nb6 25. Bf4 Nxa4 26. Ra2 b5 27. Qe1 Rb7 28.
Bc1 Be8 29. Nf4 Qxc3 30. Bd2 Qxd4 31. Nxe6 Qh4+ 32. Kg1 Rdd7 33. Nf4 d4 34. g3
Qg4 35. e6 Rdc7 36. Ba5 Rc5 37. Bb4 Rc6 38. Rd1 Nc3 39. Bxc3 dxc3 40. Raa1 Qf3
41. e7 Kb8 42. Rd8+ Rc8 43. Qe5+ Rbc7 44. Nd5 Kb7 45. Nxc7 Bc6 46. Nd5 1-0

[Event "Budapest FS04 IM"]
[Site "Budapest"]
[Date "2005.04.10"]
[Round "9"]
[White "Caruana, Fabiano"]
[Black "Goczo, Melinda"]
[Result "1-0"]
[WhiteElo "2255"]
[BlackElo "2276"]
[PlyCount "113"]
[EventDate "2005.04.02"]
[EventType "tourn"]
[EventRounds "13"]
[EventCountry "HUN"]
[EventCategory "1"]
[SourceTitle "CBM 105 Extra"]
[Source "ChessBase"]
[SourceDate "2005.05.01"]
[SourceVersion "1"]
[SourceVersionDate "2005.05.01"]
[SourceQuality "1"]

1. e4 c6 2. d4 g6 3. Nc3 d5 4. e5 h5 5. Nf3 Bg4 6. h3 Bxf3 7. Qxf3 e6 8. Bd3
Qb6 9. Ne2 c5 10. dxc5 Bxc5 11. O-O Nc6 12. Bf4 Nge7 13. Rab1 Qc7 14. Nc3 a6
15. Rfe1 Nd4 16. Qd1 Nef5 17. Ne2 Nc6 18. Bxf5 gxf5 19. Nc1 O-O-O 20. h4 Rdg8
21. g3 Qe7 22. Kf1 Rg4 23. Nd3 Bb6 24. c3 Bc7 25. Qf3 Rgg8 26. b4 Na7 27. a4
Qd7 28. Be3 Nc6 29. Bf4 Na7 30. Nc5 Qc6 31. Kg1 Bb6 32. Be3 Bxc5 33. Bxc5 b6
34. Bd4 Qc7 35. c4 dxc4 36. a5 Qb7 37. Qe3 f4 38. Qxf4 b5 39. Bb6 Kb8 40. Red1
Nc8 41. Bc5 Rd8 42. Qf6 Qc7 43. Rbc1 Ka8 44. Kh2 Rhg8 45. Qf3+ Qb7 46. Qxh5 Rd3
47. Rxd3 cxd3 48. Be3 Rd8 49. Qg5 Qd7 50. Qf4 Na7 51. Bb6 Rc8 52. Qf3+ Nc6 53.
Rd1 d2 54. Qf4 Qd5 55. Rxd2 Qc4 56. Qxf7 Nxe5 57. Qa7# 1-0

[Event "Budapest FS04 IM"]
[Site "Budapest"]
[Date "2005.04.11"]
[Round "10"]
[White "Fodor, Tamas Jr"]
[Black "Caruana, Fabiano"]
[Result "0-1"]
[WhiteElo "2269"]
[BlackElo "2255"]
[PlyCount "92"]
[EventDate "2005.04.02"]
[EventType "tourn"]
[EventRounds "13"]
[EventCountry "HUN"]
[EventCategory "1"]
[SourceTitle "CBM 105 Extra"]
[Source "ChessBase"]
[SourceDate "2005.05.01"]
[SourceVersion "1"]
[SourceVersionDate "2005.05.01"]
[SourceQuality "1"]

1. d4 Nf6 2. c4 e6 3. Nf3 d5 4. cxd5 exd5 5. Nc3 h6 6. Bf4 Bd6 7. Bxd6 Qxd6 8.
e3 Bf5 9. Bd3 Bxd3 10. Qxd3 Nbd7 11. O-O O-O 12. Rfc1 c6 13. a3 Rfe8 14. b4 b5
15. Rab1 a5 16. Na2 Nb6 17. Ne5 Nc4 18. a4 axb4 19. Nxb4 c5 20. Nc2 Rxa4 21.
Rxb5 Nxe5 22. dxe5 Rxe5 23. Ne1 c4 24. Qd1 Ra6 25. Nf3 Re8 26. h3 Rc8 27. Nd4
Ra3 28. Rb7 Qa6 29. Rcb1 c3 30. Nc2 Ra2 31. f3 d4 32. exd4 Nd5 33. Rb8 Rxb8 34.
Rxb8+ Kh7 35. Qb1 Qa4 36. Rb3 g6 37. Kh2 Kg7 38. Kg3 Qa5 39. Rb5 Qc7+ 40. Kf2
Qc4 41. Kg1 Rxc2 42. Rxd5 Rb2 43. Qe4 c2 44. Qe5+ Kh7 45. Rd8 c1=Q+ 46. Kh2
Qh1+ 0-1

[Event "Budapest FS04 IM"]
[Site "Budapest"]
[Date "2005.04.12"]
[Round "11"]
[White "Caruana, Fabiano"]
[Black "Lengyel, Bela"]
[Result "1-0"]
[WhiteElo "2255"]
[BlackElo "2302"]
[PlyCount "79"]
[EventDate "2005.04.02"]
[EventType "tourn"]
[EventRounds "13"]
[EventCountry "HUN"]
[EventCategory "1"]
[SourceTitle "CBM 105 Extra"]
[Source "ChessBase"]
[SourceDate "2005.05.01"]
[SourceVersion "1"]
[SourceVersionDate "2005.05.01"]
[SourceQuality "1"]

1. e4 e5 2. Bc4 Nf6 3. d3 c6 4. Nf3 d5 5. Bb3 Bb4+ 6. Bd2 Bxd2+ 7. Nbxd2 Nbd7
8. O-O O-O 9. Re1 a5 10. exd5 cxd5 11. c4 e4 12. dxe4 dxe4 13. Nxe4 Nxe4 14.
Rxe4 Nc5 15. Rd4 Qf6 16. Bc2 Be6 17. Qd2 h6 18. Rd1 Rfc8 19. b3 Kf8 20. h3 Qe7
21. Ne5 Qc7 22. Qf4 Kg8 23. Rd6 Rd8 24. Nxf7 Rf8 25. Nxh6+ gxh6 26. Qxh6 Qg7
27. Rxe6 Nxe6 28. Qxe6+ Qf7 29. Qxf7+ Rxf7 30. f3 Rb8 31. Be4 Kf8 32. a4 Ke7
33. Rd5 b6 34. Rb5 Rff8 35. g4 Rfd8 36. Kg2 Rdc8 37. Re5+ Kd6 38. Rd5+ Kc7 39.
g5 Rd8 40. g6 1-0

[Event "Budapest FS04 IM"]
[Site "Budapest"]
[Date "2005.04.13"]
[Round "12"]
[White "Radnai, Adam"]
[Black "Caruana, Fabiano"]
[Result "1/2-1/2"]
[WhiteElo "2191"]
[BlackElo "2255"]
[PlyCount "117"]
[EventDate "2005.04.02"]
[EventType "tourn"]
[EventRounds "13"]
[EventCountry "HUN"]
[EventCategory "1"]
[SourceTitle "CBM 105 Extra"]
[Source "ChessBase"]
[SourceDate "2005.05.01"]
[SourceVersion "1"]
[SourceVersionDate "2005.05.01"]
[SourceQuality "1"]

1. e4 c5 2. Nf3 Nc6 3. d4 cxd4 4. Nxd4 Nf6 5. Nc3 e5 6. Ndb5 d6 7. Bg5 a6 8.
Na3 b5 9. Bxf6 gxf6 10. Nd5 Bg7 11. Bd3 Ne7 12. Nxe7 Qxe7 13. O-O f5 14. c4 O-O
15. Qf3 Rb8 16. exf5 Bb7 17. Be4 Rfd8 18. Rad1 bxc4 19. Nxc4 d5 20. Bxd5 e4 21.
f6 exf3 22. fxe7 Rxd5 23. Rxd5 Bxd5 24. Rd1 Re8 25. Rxd5 Rxe7 26. gxf3 Re2 27.
Rd8+ Bf8 28. Rd2 Re6 29. Rd8 Kg7 30. a3 Rg6+ 31. Kf1 Rh6 32. Kg2 Rg6+ 33. Kh1
Rf6 34. Rd3 Bc5 35. Nd2 Re6 36. Ne4 Be7 37. b4 h5 38. Ng3 h4 39. Nf5+ Kg6 40.
Nxe7+ Rxe7 41. Kg2 Kg5 42. h3 f5 43. Rd4 Re6 44. a4 Rc6 45. a5 Re6 46. f4+ Kf6
47. b5 axb5 48. Rb4 Kg6 49. Rxb5 Re4 50. a6 Ra4 51. Rb6+ Kg7 52. Rb7+ Kf6 53.
a7 Ke6 54. Rh7 Kd5 55. Rb7 Ra3 56. Rh7 Ke4 57. Rxh4 Rxa7 58. Rh8 Rg7+ 59. Kf1
1/2-1/2

[Event "Budapest FS04 IM"]
[Site "Budapest"]
[Date "2005.04.14"]
[Round "13"]
[White "Caruana, Fabiano"]
[Black "Cherniack, Alex"]
[Result "1/2-1/2"]
[WhiteElo "2255"]
[BlackElo "2238"]
[PlyCount "135"]
[EventDate "2005.04.02"]
[EventType "tourn"]
[EventRounds "13"]
[EventCountry "HUN"]
[EventCategory "1"]
[SourceTitle "CBM 105 Extra"]
[Source "ChessBase"]
[SourceDate "2005.05.01"]
[SourceVersion "1"]
[SourceVersionDate "2005.05.01"]
[SourceQuality "1"]

1. e4 e6 2. d4 d5 3. Nc3 Nf6 4. Bg5 dxe4 5. Nxe4 Be7 6. Bxf6 Bxf6 7. Nf3 O-O 8.
c3 Nd7 9. Bd3 e5 10. d5 Be7 11. O-O Kh8 12. Ng3 g6 13. Re1 Bd6 14. Qd2 f5 15.
Ng5 Qf6 16. Ne6 Re8 17. Qh6 Qf7 18. Rad1 Nf6 19. Bc4 Bd7 20. Bb3 Qe7 21. h3 b5
22. Ne2 c5 23. c4 b4 24. Bc2 Bxe6 25. dxe6 Rad8 26. Ba4 Rf8 27. Bc6 Qxe6 28.
Nf4 Qf7 29. Nd5 e4 30. Qe3 Nh5 31. Rd2 Ng7 32. f3 Ne6 33. fxe4 f4 34. Qf2 Be5
35. Ba4 Qg7 36. Kh1 Qh6 37. Rd3 Bd4 38. Qd2 Qg7 39. e5 Rf5 40. Bd1 h5 41. Rf1
Rxe5 42. Nxf4 Ng5 43. Bc2 Ne4 44. Qd1 h4 45. Qg4 g5 46. Ne6 Rxe6 47. Qxe6 Ng3+
48. Rxg3 hxg3 49. Be4 Bxb2 50. Bd5 Rf8 51. Rf3 Bc1 52. Rxg3 Bf4 53. Qg4 Bxg3
54. Qxg3 Qf6 55. Bf3 Qf4 56. Qe1 Rf7 57. Qe6 Qc1+ 58. Kh2 Qf4+ 59. Kh1 Kg7 60.
Bd5 Rc7 61. Qg8+ Kf6 62. Qe6+ Kg7 63. Qg8+ Kf6 64. Qf8+ Kg6 65. Qg8+ Kf6 66.
Qh8+ Kg6 67. Qg8+ Kf6 68. Qe6+ 1/2-1/2

[Event "Budapest FS05 IM"]
[Site "Budapest"]
[Date "2005.05.08"]
[Round "2"]
[White "Lengyel, Bela"]
[Black "Caruana, Fabiano"]
[Result "1/2-1/2"]
[WhiteElo "2302"]
[BlackElo "2255"]
[PlyCount "73"]
[EventDate "2005.05.07"]
[EventType "tourn"]
[EventRounds "13"]
[EventCountry "HUN"]
[EventCategory "1"]
[SourceTitle "CBM 106 Extra"]
[Source "ChessBase"]
[SourceDate "2005.07.01"]
[SourceVersion "1"]
[SourceVersionDate "2005.07.01"]
[SourceQuality "1"]

1. e4 c5 2. Nf3 Nc6 3. Be2 g6 4. d4 cxd4 5. Nxd4 Bg7 6. Nb3 Nf6 7. Nc3 d6 8.
O-O O-O 9. Bg5 a6 10. a4 Be6 11. Kh1 Rc8 12. f4 Nb4 13. f5 Bc4 14. Bxc4 Rxc4
15. Qe2 Qc7 16. Rad1 Rc8 17. Rf3 b6 18. h3 Qb7 19. Re1 Nd7 20. Bxe7 Ne5 21. f6
Nxf3 22. Qxf3 Bf8 23. Bxf8 Rxf8 24. Qf4 Kh8 25. Qxd6 Qb8 26. e5 Nxc2 27. Re2
Nd4 28. Re4 Rxc3 29. bxc3 Nxb3 30. Rb4 Na5 31. Rxb6 Qc8 32. Qb4 Rd8 33. Qxa5
Qf5 34. Qd5 Qf1+ 35. Kh2 Qf4+ 36. Kh1 Qf1+ 37. Kh2 1/2-1/2

[Event "Budapest FS05 IM"]
[Site "Budapest"]
[Date "2005.05.09"]
[Round "3"]
[White "Caruana, Fabiano"]
[Black "Katsuhara, Osamu"]
[Result "1-0"]
[WhiteElo "2255"]
[BlackElo "2106"]
[PlyCount "88"]
[EventDate "2005.05.07"]
[EventType "tourn"]
[EventRounds "13"]
[EventCountry "HUN"]
[EventCategory "1"]
[SourceTitle "CBM 106 Extra"]
[Source "ChessBase"]
[SourceDate "2005.07.01"]
[SourceVersion "1"]
[SourceVersionDate "2005.07.01"]
[SourceQuality "1"]

1. e4 c5 2. Nf3 d6 3. c3 Nf6 4. Be2 Bg4 5. O-O Nc6 6. d4 cxd4 7. cxd4 d5 8. e5
Ne4 9. h3 Bh5 10. e6 fxe6 11. Nc3 Nxc3 12. bxc3 Qd6 13. Re1 Bxf3 14. Bxf3 g6
15. Bg4 Nd8 16. h4 Bg7 17. Qe2 Rc8 18. Bd2 Rc6 19. g3 O-O 20. f4 Qa3 21. Kg2
Qa4 22. Qd3 Rf6 23. h5 Qc4 24. Qe3 Rb6 25. Be2 Qa4 26. Bd3 gxh5 27. Qf3 Rb2 28.
Re2 Rxa2 29. Rxa2 Qxa2 30. Qxh5 Rf7 31. g4 Qa4 32. g5 Bh8 33. Kh2 Qd1 34. Qh3
e5 35. dxe5 e6 36. Rg2 Rg7 37. g6 h5 38. Qh4 Rd7 39. Bb5 Nc6 40. Be3 Nxe5 41.
fxe5 Bxe5+ 42. Bf4 Bxf4+ 43. Qxf4 Re7 44. Qd6 Rc7 1-0

[Event "Budapest FS05 IM"]
[Site "Budapest"]
[Date "2005.05.13"]
[Round "7"]
[White "Caruana, Fabiano"]
[Black "Werner, Dimo"]
[Result "1-0"]
[WhiteElo "2255"]
[BlackElo "2334"]
[PlyCount "123"]
[EventDate "2005.05.07"]
[EventType "tourn"]
[EventRounds "13"]
[EventCountry "HUN"]
[EventCategory "1"]
[SourceTitle "CBM 106 Extra"]
[Source "ChessBase"]
[SourceDate "2005.07.01"]
[SourceVersion "1"]
[SourceVersionDate "2005.07.01"]
[SourceQuality "1"]

1. e4 c5 2. Nf3 e6 3. c3 d5 4. exd5 Qxd5 5. d4 Nf6 6. Na3 Nc6 7. Nb5 Qd8 8.
dxc5 Bxc5 9. Qxd8+ Kxd8 10. Bf4 Ne4 11. Nbd4 Nxd4 12. Nxd4 Bd7 13. Bd3 Bd6 14.
Bxd6 Nxd6 15. O-O-O Kc7 16. Rhe1 Rae8 17. f3 h6 18. Kb1 b6 19. c4 Rc8 20. Rc1
Rhd8 21. b4 Be8 22. Nb3 Kb8 23. c5 Nb5 24. Red1 Nc7 25. Bc4 Ba4 26. Kb2 Rxd1
27. Rxd1 bxc5 28. bxc5 Bc6 29. Rd6 Ne8 30. Rd2 Kc7 31. Kc3 Nf6 32. Nd4 Rb8 33.
Rb2 Rxb2 34. Kxb2 Nd7 35. Bb5 Bd5 36. Bxd7 Kxd7 37. a3 e5 38. Nf5 e4 39. fxe4
Bxe4 40. Nxg7 Kc6 41. Kc3 Kxc5 42. g3 Bg6 43. Ne8 Kd5 44. Nf6+ Ke6 45. Ng4 h5
46. Nf2 Kd5 47. Nh3 Ke4 48. a4 Kf3 49. Nf4 h4 50. Nxg6 hxg3 51. Nh4+ Kg4 52.
hxg3 Kxg3 53. Nf5+ Kf4 54. Nd6 f5 55. Kd4 Kg4 56. Ke3 f4+ 57. Kf2 f3 58. a5 Kf4
59. Nb5 Ke5 60. Nxa7 Kd5 61. Nc8 Kc6 62. Nb6 1-0

[Event "Budapest FS05 IM"]
[Site "Budapest"]
[Date "2005.05.14"]
[Round "8"]
[White "Caruana, Fabiano"]
[Black "Chetverik, Maxim"]
[Result "1-0"]
[WhiteElo "2255"]
[BlackElo "2305"]
[PlyCount "69"]
[EventDate "2005.05.07"]
[EventType "tourn"]
[EventRounds "13"]
[EventCountry "HUN"]
[EventCategory "1"]
[SourceTitle "CBM 106 Extra"]
[Source "ChessBase"]
[SourceDate "2005.07.01"]
[SourceVersion "1"]
[SourceVersionDate "2005.07.01"]
[SourceQuality "1"]

1. e4 Nf6 2. e5 Nd5 3. d4 d6 4. c4 Nb6 5. exd6 cxd6 6. Nc3 g6 7. Be3 Bg7 8. Rc1
O-O 9. b3 e6 10. g3 Bd7 11. Bg2 Bc6 12. Nf3 Bxf3 13. Bxf3 d5 14. c5 Nc8 15. b4
a6 16. a4 Nc6 17. b5 axb5 18. axb5 Na5 19. Be2 Ne7 20. Na4 Nc4 21. Bxc4 Qa5+
22. Nc3 dxc4 23. O-O Rfd8 24. Qe2 Qb4 25. Bg5 Kf8 26. Qf3 Rd7 27. Rb1 Qa3 28.
c6 bxc6 29. bxc6 Rc7 30. Rb7 Nd5 31. Bf4 Qxc3 32. Qxc3 Nxc3 33. Bxc7 Bxd4 34.
Bd6+ Kg8 35. c7 1-0

[Event "Budapest FS05 IM"]
[Site "Budapest"]
[Date "2005.05.15"]
[Round "9"]
[White "Charleshouse, Glenn L"]
[Black "Caruana, Fabiano"]
[Result "0-1"]
[WhiteElo "2212"]
[BlackElo "2255"]
[PlyCount "101"]
[EventDate "2005.05.07"]
[EventType "tourn"]
[EventRounds "13"]
[EventCountry "HUN"]
[EventCategory "1"]
[SourceTitle "CBM 106 Extra"]
[Source "ChessBase"]
[SourceDate "2005.07.01"]
[SourceVersion "1"]
[SourceVersionDate "2005.07.01"]
[SourceQuality "1"]

1. c4 Nf6 2. e3 g6 3. Nf3 Bg7 4. Be2 O-O 5. O-O d5 6. cxd5 Nxd5 7. a3 b6 8. Qc2
c5 9. Nc3 Bb7 10. d3 Nc6 11. Bd2 e5 12. Rfd1 Rc8 13. Nxd5 Qxd5 14. Rac1 Rfd8
15. Qb1 a5 16. Bc3 a4 17. Bf1 b5 18. Be1 Ne7 19. Nd2 Qc6 20. Qc2 Nd5 21. Nf3
Qa6 22. Qb1 f6 23. Bd2 Bf8 24. Be1 Kg7 25. Qc2 Rc7 26. Qe2 Nb6 27. e4 Rcd7 28.
d4 cxd4 29. Qxb5 Qxb5 30. Bxb5 Rf7 31. Ba5 Rd6 32. Nd2 f5 33. f3 Be7 34. Be8
Rf8 35. Rc7 Rxe8 36. Rxb7 Nc8 37. Rc1 Re6 38. Bb4 Kf6 39. Rcc7 Nd6 40. Bxd6
Rxd6 41. Nc4 Rdd8 42. Rc6+ Kg5 43. Nxe5 Kf4 44. g3+ Ke3 45. exf5 d3 46. Re6 d2
47. Nc4+ Kxf3 48. Re3+ Kg4 49. Re4+ Kxf5 50. Nxd2 Bc5+ 51. Kg2 0-1

[Event "Budapest FS05 IM"]
[Site "Budapest"]
[Date "2005.05.16"]
[Round "10"]
[White "Caruana, Fabiano"]
[Black "Lundin, Jan"]
[Result "1-0"]
[WhiteElo "2255"]
[BlackElo "2259"]
[PlyCount "89"]
[EventDate "2005.05.07"]
[EventType "tourn"]
[EventRounds "13"]
[EventCountry "HUN"]
[EventCategory "1"]
[SourceTitle "CBM 106 Extra"]
[Source "ChessBase"]
[SourceDate "2005.07.01"]
[SourceVersion "1"]
[SourceVersionDate "2005.07.01"]
[SourceQuality "1"]

1. e4 e5 2. Bc4 Nf6 3. d3 Nc6 4. Nf3 Be7 5. O-O O-O 6. h3 d6 7. a3 Be6 8. Nbd2
a6 9. Re1 b5 10. Bb3 Qe8 11. c3 Nh5 12. Nf1 Na5 13. Bc2 g6 14. Bh6 Ng7 15. b4
Nb7 16. d4 f6 17. Ne3 Qf7 18. a4 c5 19. bxc5 dxc5 20. dxe5 b4 21. Nd5 Rad8 22.
Qe2 c4 23. Qxc4 fxe5 24. cxb4 Kh8 25. Qe2 Bxd5 26. Nxe5 Qf6 27. exd5 Bxb4 28.
Ng4 Qd6 29. Red1 Rde8 30. Qc4 Rf7 31. Bd2 Bc5 32. Be3 Rc8 33. Bxc5 Rxc5 34. Qb3
Na5 35. Qa2 Rc3 36. Be4 Rc4 37. Bf3 h5 38. Ne3 Rh4 39. Qa3 Qe5 40. d6 Kh7 41.
d7 Ne6 42. d8=Q Nxd8 43. Rxd8 Rxf3 44. Rd7+ Kh6 45. gxf3 1-0

[Event "Budapest FS05 IM"]
[Site "Budapest"]
[Date "2005.05.17"]
[Round "11"]
[White "Fodor, Tamas Jr"]
[Black "Caruana, Fabiano"]
[Result "1/2-1/2"]
[WhiteElo "2269"]
[BlackElo "2255"]
[PlyCount "109"]
[EventDate "2005.05.07"]
[EventType "tourn"]
[EventRounds "13"]
[EventCountry "HUN"]
[EventCategory "1"]
[SourceTitle "CBM 106 Extra"]
[Source "ChessBase"]
[SourceDate "2005.07.01"]
[SourceVersion "1"]
[SourceVersionDate "2005.07.01"]
[SourceQuality "1"]

1. d4 Nf6 2. c4 e6 3. Nc3 Bb4 4. Qc2 c5 5. dxc5 Na6 6. a3 Bxc3+ 7. Qxc3 Nxc5 8.
f3 d5 9. cxd5 b6 10. e4 exd5 11. Be3 O-O 12. e5 Re8 13. Be2 Nfd7 14. f4 Ne4 15.
Qd4 Qh4+ 16. Kf1 Bb7 17. Nf3 Qh5 18. b4 Nf8 19. Ng5 Qg6 20. Nxe4 dxe4 21. Kf2
Red8 22. Qb2 Ne6 23. g3 Nc7 24. Rhd1 Nd5 25. Qb3 Rac8 26. Rac1 Rxc1 27. Rxc1
Qe6 28. Rd1 h5 29. h4 g6 30. Bf1 Kh7 31. Rd2 Kg7 32. Bg2 Nxf4 33. Qxe6 Nxe6 34.
Rxd8 Nxd8 35. Bg5 Ne6 36. Bf6+ Kf8 37. Ke3 Ke8 38. Bxe4 Bxe4 39. Kxe4 Kd7 40.
a4 Kc6 41. Be7 a6 42. Bg5 a5 43. Bd2 axb4 44. Bxb4 Nc5+ 45. Kd4 Nxa4 46. e6
fxe6 47. Ke5 Nc5 48. Kf6 Ne4+ 49. Kxg6 Nxg3 50. Be1 Nf5 51. Kxh5 e5 52. Kg4
Nxh4 53. Kxh4 Kd5 54. Kg3 Ke4 55. Kf2 1/2-1/2

[Event "Budapest FS05 IM"]
[Site "Budapest"]
[Date "2005.05.18"]
[Round "12"]
[White "Caruana, Fabiano"]
[Black "Koneru, Chandra Hawsa"]
[Result "1-0"]
[WhiteElo "2255"]
[BlackElo "2305"]
[PlyCount "65"]
[EventDate "2005.05.07"]
[EventType "tourn"]
[EventRounds "13"]
[EventCountry "HUN"]
[EventCategory "1"]
[SourceTitle "CBM 106 Extra"]
[Source "ChessBase"]
[SourceDate "2005.07.01"]
[SourceVersion "1"]
[SourceVersionDate "2005.07.01"]
[SourceQuality "1"]

1. e4 c6 2. d4 d5 3. Nd2 dxe4 4. Nxe4 Nd7 5. Nf3 Ngf6 6. Nxf6+ Nxf6 7. Bc4 Bf5
8. O-O e6 9. Re1 Be7 10. c3 O-O 11. h3 h6 12. Bf4 Bd6 13. Ne5 Qc7 14. Qf3 Nd5
15. Bg3 Nb6 16. Bb3 Nd7 17. Nxd7 Qxd7 18. Bxd6 Qxd6 19. Re5 Rfd8 20. Rae1 Qf8
21. g4 Bh7 22. Qg3 Rac8 23. f4 c5 24. f5 exf5 25. gxf5 Re8 26. f6 Rxe5 27. Rxe5
g5 28. Re7 Bg6 29. d5 c4 30. Ba4 a6 31. d6 b5 32. d7 bxa4 33. Qe5 1-0

[Event "Budapest FS05 IM"]
[Site "Budapest"]
[Date "2005.05.19"]
[Round "13"]
[White "Niemi, Kalle"]
[Black "Caruana, Fabiano"]
[Result "0-1"]
[WhiteElo "2247"]
[BlackElo "2255"]
[PlyCount "72"]
[EventDate "2005.05.07"]
[EventType "tourn"]
[EventRounds "13"]
[EventCountry "HUN"]
[EventCategory "1"]
[SourceTitle "CBM 106 Extra"]
[Source "ChessBase"]
[SourceDate "2005.07.01"]
[SourceVersion "1"]
[SourceVersionDate "2005.07.01"]
[SourceQuality "1"]

1. e4 c5 2. Nf3 Nc6 3. d4 cxd4 4. Nxd4 Nf6 5. Nc3 e5 6. Ndb5 d6 7. Bg5 a6 8.
Na3 b5 9. Bxf6 gxf6 10. Nd5 Bg7 11. Bd3 Ne7 12. Nxe7 Qxe7 13. c4 f5 14. O-O O-O
15. Qf3 bxc4 16. Nxc4 d5 17. exd5 e4 18. Qe3 Bb7 19. d6 Qe6 20. Be2 Rac8 21.
Rad1 Rxc4 22. Bxc4 Qxc4 23. Qg5 h6 24. Qe7 Qb4 25. a3 Qb6 26. d7 Rd8 27. Qe8+
Bf8 28. Rc1 e3 29. Rc3 f4 30. Rb3 Qxb3 31. Qxd8 Qd5 32. f3 e2 33. Re1 Qd4+ 34.
Kh1 Qf2 35. Qxf8+ Kxf8 36. d8=Q+ Kg7 0-1